Kadrinche : (Record no. 4652)

MARC details
000 -LEADER
fixed length control field 00382nam a2200157 4500
001 - CONTROL NUMBER
control field 5526
005 - DATE AND TIME OF LATEST TRANSACTION
control field 20181127175713.0
020 00 - INTERNATIONAL STANDARD BOOK NUMBER
International Standard Book Number 9789993695806
090 00 - LOCALLY ASSIGNED LC-TYPE CALL NUMBER (OCLC); LOCAL CALL NUMBER (RLIN)
Classification number (OCLC) (R) ; Classification number, CALL (RLIN) (NR) 895.1 T153c 2015
100 00 - MAIN ENTRY--PERSONAL NAME
Personal name Wangchuk, Kinley.
245 00 - TITLE STATEMENT
Title Kadrinche :
Remainder of title beyond words /
Statement of responsibility, etc. Kinley Wangchuk.
Medium
250 00 - EDITION STATEMENT
Edition statement 1st ed.
260 00 - PUBLICATION, DISTRIBUTION, ETC.
Place of publication, distribution, etc. Thimphu :
Name of publisher, distributor, etc. n.p,
Date of publication, distribution, etc. 2015.
300 00 - PHYSICAL DESCRIPTION
Extent 267 p.
650 00 - SUBJECT ADDED ENTRY--TOPICAL TERM
Topical term or geographic name entry element Bhutan --Fiction.
General subdivision
Holdings
Withdrawn status Lost status Source of classification or shelving scheme Damaged status Not for loan Collection code Home library Current library Shelving location Date acquired Serial Enumeration / chronology Inventory number Total Checkouts Full call number Barcode Checked out Date last seen Date last checked out Price effective from Koha item type
    Dewey Decimal Classification     Main TEST RTC Library RTC Library Main opac 21/10/2021 8874 11 895.1 WAN 30009003 10/06/2026 18/03/2026 18/03/2026 27/11/2018 Main
Royal Thimphu College || All Right Reserved